The courts and politics after the human rights act: a comment (Record no. 77203)

000 -LEADER
fixed length control field 00380pab a2200157 454500
008 - FIXED-LENGTH DATA ELEMENTS--GENERAL INFORMATION
fixed length control field 180718b2008 xxu||||| |||| 00| 0 eng d
100 ## - MAIN ENTRY--PERSONAL NAME
Personal name Hickman, Tom
245 ## - TITLE STATEMENT
Title The courts and politics after the human rights act: a comment
260 ## - PUBLICATION, DISTRIBUTION, ETC.
Date of publication, distribution, etc. 2008
300 ## - PHYSICAL DESCRIPTION
Extent p.84-100.
362 ## - DATES OF PUBLICATION AND/OR SEQUENTIAL DESIGNATION
Dates of publication and/or sequential designation Spring
650 ## - SUBJECT ADDED ENTRY--TOPICAL TERM
Topical term or geographic name entry element Human rights
773 ## - HOST ITEM ENTRY
Main entry heading Public Law
908 ## - PUT COMMAND PARAMETER (RLIN)
Put command parameter N
909 ## -
-- 77203
Holdings
Withdrawn status Lost status Damaged status Not for loan Permanent Location Current Location Date acquired Barcode Date last seen Price effective from Koha item type
        Indian Institute of Public Administration Indian Institute of Public Administration 2018-07-19 AR77663 2018-07-19 2018-07-19 Articles

Powered by Koha